[Event "2ème Open International de Haute-Bretag"]
[Site "Rennes"]
[Date "2009.07.15"]
[Round "1.41"]
[White "Sin, Rany"]
[Black "Tounsi, Tewfik"]
[Result "0-1"]
[WhiteElo "1499"]
[BlackElo "1690"]
[PlyCount "78"]
[EventDate "2009.08.21"]
[EventType "swiss"]
[EventRounds "9"]
[EventCountry "FRA"]

1. d4 Nf6 2. e3 e6 3. b3 d5 4. Bb2 c5 5. g3 Nc6 6. Nf3 cxd4 7. Bxd4 Bd6 8. Bg2
e5 9. Bb2 Bg4 10. Nbd2 e4 11. Qe2 exf3 12. Bxf3 Bxf3 13. Qxf3 Be5 14. c3 Nb4
15. Qf5 Qe7 16. a3 Nc6 17. O-O O-O 18. f4 Bc7 19. Rae1 Rad8 20. Nf3 Qe6 21. Qd3
h6 22. c4 dxc4 23. Qc3 Rd3 24. Qc1 Bb6 25. Bd4 Nxd4 26. exd4 Qd6 27. Qxc4 Bxd4+
28. Kh1 Bb6 29. Ne5 Rd2 30. Nf3 Rf2 31. Rxf2 Bxf2 32. Re2 Qd1+ 33. Kg2 Bb6 34.
a4 Ng4 35. Qc1 Qxe2+ 36. Kh3 Nf2+ 37. Kh4 Bd8+ 38. Kh5 Ne4 39. Kg4 Nc3 0-1

[Event "2ème Open International de Haute-Bretag"]
[Site "Rennes"]
[Date "2009.07.15"]
[Round "1.40"]
[White "Caillot, Arnaud"]
[Black "Ruhlmann, Anne"]
[Result "1-0"]
[WhiteElo "1698"]
[BlackElo "1499"]
[PlyCount "57"]
[EventDate "2009.08.21"]
[EventType "swiss"]
[EventRounds "9"]
[EventCountry "FRA"]

1. d4 d5 2. c4 dxc4 3. Nf3 Bf5 4. e3 e6 5. Bxc4 Nf6 6. O-O Nbd7 7. Nc3 Nb6 8.
Bb3 c6 9. Qe2 Qc7 10. h3 O-O-O 11. a4 Bd6 12. e4 Bg6 13. e5 Be7 14. exf6 Bxf6
15. Rd1 Rhe8 16. Ne5 Bf5 17. Bf4 Nd5 18. Bh2 g5 19. Ne4 Qe7 20. Nxf6 Nxf6 21.
Nc4 e5 22. dxe5 Rxd1+ 23. Rxd1 Ne4 24. Qf3 Qb4 25. Qxf5+ Re6 26. Nd6+ Nxd6 27.
Bxe6+ fxe6 28. Qxe6+ Kc7 29. Qxd6+ 1-0

[Event "2ème Open International de Haute-Bretag"]
[Site "Rennes"]
[Date "2009.07.15"]
[Round "1.39"]
[White "Panaget, Bruno"]
[Black "Legras, Sebastien"]
[Result "1-0"]
[WhiteElo "1499"]
[BlackElo "1700"]
[PlyCount "82"]
[EventDate "2009.08.21"]
[EventType "swiss"]
[EventRounds "9"]
[EventCountry "FRA"]

1. d3 c5 2. g3 g6 3. Bg2 Bg7 4. Nc3 Qa5 5. Bd2 Qb6 6. Qc1 Nf6 7. Nf3 Nc6 8. e4
d6 9. O-O O-O 10. Kh1 Be6 11. Ne2 Bg4 12. Nfg1 Ne8 13. f3 Bd7 14. Rb1 e5 15.
Nc3 Nc7 16. f4 Ne6 17. f5 Ned4 18. Nd5 Qd8 19. c3 Nb5 20. Bh6 f6 21. fxg6 hxg6
22. Rf2 g5 23. Bxg7 Kxg7 24. Qd1 Nc7 25. Ne3 Ne7 26. Bh3 Rh8 27. Qf3 Ne8 28.
Bxd7 Qxd7 29. Rbf1 Qe6 30. a3 Rc8 31. g4 b6 32. Ne2 Rd8 33. Ng3 Kg6 34. Nd5
Nxd5 35. exd5 Qf7 36. Nh5 Rxh5 37. gxh5+ Kh6 38. c4 Qxh5 39. Qf5 Qg6 40. Qe6
Kg7 41. Qe7+ Kh6 1-0

[Event "2ème Open International de Haute-Bretag"]
[Site "Rennes"]
[Date "2009.07.15"]
[Round "1.38"]
[White "Doucin, Paul"]
[Black "Deceneux, Christophe"]
[Result "0-1"]
[WhiteElo "1705"]
[BlackElo "1499"]
[PlyCount "80"]
[EventDate "2009.08.21"]
[EventType "swiss"]
[EventRounds "9"]
[EventCountry "FRA"]

1. e4 d5 2. exd5 Nf6 3. c4 c6 4. Nc3 cxd5 5. cxd5 Nxd5 6. Nf3 Nxc3 7. bxc3 g6
8. d4 Bg7 9. Be2 O-O 10. O-O a6 11. Re1 b5 12. Ba3 Bb7 13. Nd2 Re8 14. Nb3 Nd7
15. Bf3 Bxf3 16. Qxf3 e5 17. h3 exd4 18. cxd4 Nb6 19. Rad1 Rc8 20. Re4 Nc4 21.
Bc1 a5 22. Rde1 Rxe4 23. Qxe4 a4 24. Nd2 Qxd4 25. Qb7 Rf8 26. Nf3 Qb6 27. Qe4
Nd6 28. Qd3 b4 29. Be3 Qc6 30. Rc1 Bc3 31. Bd4 Qe4 32. Qa6 Bxd4 33. Qxd6 Bc3
34. Qd1 Ra8 35. Rc2 b3 36. Rxc3 b2 37. Nd2 Rd8 38. Qc2 Qxc2 39. Rxc2 Rxd2 40.
Rc8+ Kg7 0-1

[Event "2ème Open International de Haute-Bretag"]
[Site "Rennes"]
[Date "2009.07.15"]
[Round "1.37"]
[White "Bauer, Erich"]
[Black "Blanchard, Simon"]
[Result "1/2-1/2"]
[WhiteElo "1499"]
[BlackElo "1710"]
[PlyCount "149"]
[EventDate "2009.08.21"]
[EventType "swiss"]
[EventRounds "9"]
[EventCountry "FRA"]

1. c4 Nf6 2. Nc3 g6 3. e4 d6 4. Nf3 Bg4 5. Be2 Nc6 6. d4 Bg7 7. O-O Bxf3 8.
Bxf3 e5 9. d5 Nd4 10. Be3 Nxf3+ 11. Qxf3 Nd7 12. Qg3 O-O 13. f4 exf4 14. Bxf4
Be5 15. Qf3 Bxf4 16. Qxf4 a6 17. Rf3 Ne5 18. Rh3 Qe7 19. b3 Nd7 20. Re3 Qe5 21.
Qh6 Nc5 22. Rh3 Qg7 23. Qh4 Rfe8 24. Re1 Re5 25. Qh6 Qxh6 26. Rxh6 f5 27. Re3
Nxe4 28. Nxe4 fxe4 29. Kf2 Rf8+ 30. Ke2 Kg7 31. Rh4 Rfe8 32. Reh3 h5 33. Ke3 c5
34. g4 Kh6 35. gxh5 gxh5 36. Rf4 R8e7 37. Rf6+ Kg5 38. Rxd6 h4 39. Ke2 Kg4 40.
Re3 Rf5 41. Rg6+ Kh5 42. Rg8 Rf4 43. Rc8 b6 44. Rc6 Ref7 45. Rxb6 Rf2+ 46. Kd1
Rxa2 47. Ke1 Rff2 48. Rxa6 Rxa6 49. Kxf2 Rf6+ 50. Ke2 Rb6 51. Rxe4 Rxb3 52. d6
Rb2+ 53. Ke3 Rb3+ 54. Kf4 Kg6 55. Ke5 Rd3 56. Rxh4 Kf7 57. Rh7+ Ke8 58. Rc7 Rd2
59. h4 Rd4 60. Rxc5 Rxh4 61. Rc7 Kd8 62. c5 Rh5+ 63. Kf6 Rh6+ 64. Kg7 Rh1 65.
Kf7 Re1 66. Kf6 Re2 67. c6 Rd2 68. Rd7+ Kc8 69. Ke7 Re2+ 70. Kf8 Rc2 71. Rc7+
Kd8 72. Rd7+ Kc8 73. Ke8 Rxc6 74. Rd8+ Kb7 75. Rd7+ 1/2-1/2

[Event "2ème Open International de Haute-Bretag"]
[Site "Rennes"]
[Date "2009.07.15"]
[Round "1.36"]
[White "Ruhlmann, Helene"]
[Black "Corentin, Louis"]
[Result "0-1"]
[WhiteElo "1720"]
[BlackElo "1737"]
[PlyCount "80"]
[EventDate "2009.08.21"]
[EventType "swiss"]
[EventRounds "9"]
[EventCountry "FRA"]

1. e4 c5 2. Nf3 d6 3. d4 cxd4 4. Nxd4 Nf6 5. Nc3 a6 6. Be2 e6 7. O-O Qc7 8. Be3
Be7 9. Qd2 Nbd7 10. f4 b5 11. a3 Bb7 12. Bf3 Nc5 13. e5 dxe5 14. fxe5 Nfd7 15.
b4 Bxf3 16. Nxf3 Nb7 17. Bd4 O-O-O 18. Qf2 f6 19. exf6 gxf6 20. Ne2 Nd6 21. Nd2
e5 22. Bb2 Nb6 23. Ng3 Nbc4 24. Nxc4 Nxc4 25. Bc3 Rd7 26. Ne4 Rf8 27. Nd2 Nxd2
28. Bxd2 Kb7 29. Be3 f5 30. Rfc1 f4 31. Bd2 e4 32. Be1 Bf6 33. c3 Rd3 34. Rc2
Rc8 35. Rac1 Be5 36. h3 Qc6 37. Kh1 Qf6 38. Qe2 Qf5 39. Kg1 f3 40. gxf3 Rg8+
0-1

[Event "2ème Open International de Haute-Bretag"]
[Site "Rennes"]
[Date "2009.07.15"]
[Round "1.35"]
[White "Ledent, Philippe"]
[Black "Bacon, Bruno"]
[Result "1/2-1/2"]
[WhiteElo "1857"]
[BlackElo "1742"]
[PlyCount "75"]
[EventDate "2009.08.21"]
[EventType "swiss"]
[EventRounds "9"]
[EventCountry "FRA"]

1. d4 Nf6 2. c4 g6 3. Nc3 d5 4. Bf4 c6 5. e3 Bg7 6. Nf3 O-O 7. Bd3 Re8 8. h3 h6
9. Rc1 Be6 10. c5 Qc8 11. Qd2 Bf5 12. O-O Nbd7 13. Bxf5 gxf5 14. Nh4 Ne4 15.
Qd1 e5 16. dxe5 Nxe5 17. Qh5 Qe6 18. Qxf5 Nxc5 19. Rfd1 Ncd7 20. Qc2 Ng6 21.
Bg3 Ndf8 22. Nf5 Qf6 23. Ne2 Ne6 24. Nxg7 Qxg7 25. Nd4 Nxd4 26. Rxd4 Re6 27. b3
Rae8 28. Qf5 Rf6 29. Qd7 Re7 30. Qd8+ Kh7 31. Rg4 Rfe6 32. Qa5 Qb2 33. Rf1 b6
34. Qa4 Qf6 35. Qd4 Qxd4 36. Rxd4 Re4 37. Rfd1 f5 38. Bb8 1/2-1/2

[Event "2ème Open International de Haute-Bretag"]
[Site "Rennes"]
[Date "2009.07.15"]
[Round "1.34"]
[White "Lezot, Pierre"]
[Black "Dupitier, Mickael"]
[Result "0-1"]
[WhiteElo "1744"]
[BlackElo "1864"]
[PlyCount "100"]
[EventDate "2009.08.21"]
[EventType "swiss"]
[EventRounds "9"]
[EventCountry "FRA"]

1. Nf3 Nf6 2. d4 d5 3. g3 Bf5 4. Bg2 e6 5. Bg5 Be7 6. Bxf6 Bxf6 7. O-O O-O 8.
c3 Nd7 9. Re1 c5 10. e3 Rb8 11. h3 b5 12. Nbd2 b4 13. c4 cxd4 14. exd4 dxc4 15.
Nxc4 Nb6 16. Nce5 Qd6 17. g4 Bg6 18. h4 Rbc8 19. Nxg6 hxg6 20. g5 Be7 21. Ne5
Rfd8 22. Qf3 Rf8 23. Qd3 Nd5 24. Bxd5 Qxd5 25. Rac1 Rfd8 26. Rxc8 Rxc8 27. Qe3
Bd6 28. b3 Rc3 29. Qf4 Bxe5 30. Qxe5 Qxe5 31. dxe5 Rh3 32. Kg2 Rxh4 33. f3 Rd4
34. Kf2 f6 35. gxf6 gxf6 36. exf6 Kf7 37. Ke3 Rd5 38. Rc1 Kxf6 39. Rc8 a5 40.
Rc6 g5 41. Rc4 Kf5 42. Rc8 Kg6 43. Rc4 Kf5 44. Rc8 Ke5 45. Rc4 Kd6 46. Rd4 Rxd4
47. Kxd4 e5+ 48. Kc4 e4 49. fxe4 Ke5 50. Kd3 g4 0-1

[Event "2ème Open International de Haute-Bretag"]
[Site "Rennes"]
[Date "2009.07.15"]
[Round "1.33"]
[White "Crahan, Alan"]
[Black "Dujardin, Bernard"]
[Result "1-0"]
[WhiteElo "1867"]
[BlackElo "1745"]
[PlyCount "63"]
[EventDate "2009.08.21"]
[EventType "swiss"]
[EventRounds "9"]
[EventCountry "FRA"]

1. Nf3 Nf6 2. c4 c5 3. Nc3 Nc6 4. g3 g6 5. d4 cxd4 6. Nxd4 Bg7 7. Nxc6 bxc6 8.
Bf4 O-O 9. Qc2 d6 10. Bg2 Bd7 11. O-O Qc8 12. Rfd1 Bh3 13. Rac1 Bxg2 14. Kxg2
e5 15. Bg5 Qe6 16. Bxf6 Bxf6 17. Ne4 Be7 18. Qa4 Rfc8 19. Rd3 Rc7 20. Qa5 Rac8
21. Rcd1 Qxc4 22. Nxd6 Bxd6 23. Rxd6 Qxe2 24. Rd8+ Kg7 25. Qc5 Rxd8 26. Rxd8
Qe4+ 27. Kf1 Qb1+ 28. Kg2 Qe4+ 29. f3 Qe2+ 30. Kh3 Qxf3 31. Qxe5+ Qf6 32. Rg8+
1-0

[Event "2ème Open International de Haute-Bretag"]
[Site "Rennes"]
[Date "2009.07.15"]
[Round "1.32"]
[White "Spoone, John Paul"]
[Black "Grego, Pierre"]
[Result "0-1"]
[WhiteElo "1770"]
[BlackElo "1870"]
[PlyCount "50"]
[EventDate "2009.08.21"]
[EventType "swiss"]
[EventRounds "9"]
[EventCountry "FRA"]

1. e4 e5 2. Nf3 d6 3. d4 Nf6 4. Nc3 exd4 5. Nxd4 g6 6. Bc4 Bg7 7. Be3 O-O 8. f3
Nc6 9. Qd2 Ne5 10. Bb3 a6 11. O-O-O c5 12. f4 cxd4 13. Bxd4 Nc6 14. Bf2 Bg4 15.
Rde1 Be6 16. Nd5 Bxd5 17. exd5 Na5 18. Re3 Ng4 19. Rg3 Nxf2 20. Qxf2 Qf6 21. c3
Nxb3+ 22. axb3 Rfe8 23. h4 Re4 24. Rf3 Rae8 25. Kd1 Re2 0-1

[Event "2ème Open International de Haute-Bretag"]
[Site "Rennes"]
[Date "2009.07.15"]
[Round "1.31"]
[White "Graton, Tanguy"]
[Black "Marquet, Jean Philippe"]
[Result "1-0"]
[WhiteElo "1870"]
[BlackElo "1770"]
[PlyCount "63"]
[EventDate "2009.08.21"]
[EventType "swiss"]
[EventRounds "9"]
[EventCountry "FRA"]

1. e4 c5 2. Nf3 Nc6 3. d4 cxd4 4. Nxd4 d6 5. Be3 Nf6 6. Nc3 g6 7. g3 Bg7 8. Bg2
O-O 9. O-O Ng4 10. Nxc6 bxc6 11. Bf4 e5 12. Bd2 Rb8 13. b3 Qb6 14. Na4 Qb7 15.
c4 f5 16. f3 Nf6 17. Ba5 Ne8 18. Qd2 fxe4 19. fxe4 Bg4 20. Rxf8+ Bxf8 21. Rf1
Qc8 22. Qf2 Ng7 23. Qf7+ Kh8 24. Qxa7 Ra8 25. Qf2 Ne6 26. Nb6 Qa6 27. Nxa8 Qxa5
28. Nb6 d5 29. Nd7 Bb4 30. Qf6+ Ng7 31. Qf8+ Bxf8 32. Rxf8# 1-0

[Event "2ème Open International de Haute-Bretag"]
[Site "Rennes"]
[Date "2009.07.15"]
[Round "1.30"]
[White "Pavlovic, Zarko"]
[Black "Mercier, Jean Loup"]
[Result "0-1"]
[WhiteElo "1790"]
[BlackElo "1875"]
[PlyCount "70"]
[EventDate "2009.08.21"]
[EventType "swiss"]
[EventRounds "9"]
[EventCountry "FRA"]

1. e4 c5 2. Bc4 Nc6 3. a3 e6 4. Nc3 g6 5. Nf3 Bg7 6. d3 Nge7 7. Bg5 O-O 8. Be3
b6 9. Qd2 d5 10. exd5 exd5 11. Ba2 d4 12. Bg5 dxc3 13. bxc3 Qd6 14. O-O Be6 15.
Rfe1 Bxa2 16. Rxa2 Rae8 17. Bf4 Qd7 18. d4 cxd4 19. Qd3 Nf5 20. Rd1 Qe6 21.
Raa1 dxc3 22. Re1 Qc8 23. Qb5 Ncd4 24. Qd3 Nxf3+ 25. Qxf3 Qd7 26. Rad1 Rxe1+
27. Rxe1 Rd8 28. g3 Qd5 29. Qe2 h5 30. Qa6 Nd4 31. Rf1 Nf3+ 32. Kg2 Nd2+ 33.
Kg1 Nxf1 34. Kxf1 Qe4 35. Qe2 Qh1# 0-1

[Event "2ème Open International de Haute-Bretag"]
[Site "Rennes"]
[Date "2009.07.15"]
[Round "1.29"]
[White "Arnaud, Jean Paul"]
[Black "Le Goff, Thierry"]
[Result "1/2-1/2"]
[WhiteElo "1884"]
[BlackElo "1798"]
[PlyCount "91"]
[EventDate "2009.08.21"]
[EventType "swiss"]
[EventRounds "9"]
[EventCountry "FRA"]

1. e4 e6 2. d4 d5 3. Nd2 Nf6 4. e5 Nfd7 5. Bd3 c5 6. c3 b6 7. Ne2 Ba6 8. Nf3
cxd4 9. cxd4 Bb4+ 10. Nc3 Qc8 11. Qc2 Bxd3 12. Qxd3 Qa6 13. Qxa6 Nxa6 14. O-O
Nc7 15. Bd2 O-O 16. a3 Be7 17. Rac1 Rac8 18. Bg5 Bxg5 19. Nxg5 b5 20. f4 Nb6
21. b3 h6 22. Nf3 a5 23. Nd2 a4 24. bxa4 Nxa4 25. Nxa4 bxa4 26. Rc5 Na8 27.
Rfc1 Nb6 28. Kf2 f6 29. Ke3 fxe5 30. fxe5 Kf7 31. Rc7+ Kg8 32. R1c6 Rxc7 33.
Rxc7 Rc8 34. Rxc8+ Nxc8 35. Kd3 Na7 36. Nb1 Nb5 37. Nc3 Nxa3 38. Nxa4 Nb5 39.
h4 h5 40. Nb2 Kf7 41. Nd1 g5 42. hxg5 Kg6 43. g3 Kxg5 44. Nf2 Kf5 45. Ke3 Nc3
46. Kf3 1/2-1/2

[Event "2ème Open International de Haute-Bretag"]
[Site "Rennes"]
[Date "2009.07.15"]
[Round "1.28"]
[White "Mevel, Mael"]
[Black "Purenne, Benoit"]
[Result "0-1"]
[WhiteElo "1800"]
[BlackElo "1885"]
[PlyCount "88"]
[EventDate "2009.08.21"]
[EventType "swiss"]
[EventRounds "9"]
[EventCountry "FRA"]

1. e4 c5 2. Nf3 e6 3. d4 cxd4 4. Nxd4 a6 5. Bd3 Bc5 6. Nb3 Ba7 7. Qe2 Nc6 8. a3
d6 9. Nc3 Nf6 10. O-O Ne5 11. Bg5 h6 12. Bh4 Ng6 13. Bg3 O-O 14. Rad1 e5 15. h3
Be6 16. Bc4 Qc7 17. Bxe6 fxe6 18. Qd3 Rfd8 19. Kh1 Nh5 20. Ne2 Rac8 21. Rd2 Qc4
22. Qxc4 Rxc4 23. Nc3 Rc7 24. Bh2 Rf7 25. g3 Kf8 26. Kg2 Ke7 27. Na5 Kf8 28.
Bg1 Rc7 29. Rfd1 Ke7 30. Rd3 Nf6 31. f3 Bxg1 32. Kxg1 h5 33. h4 Ne8 34. Nb3 Nf8
35. R1d2 Nd7 36. Nc1 Nb6 37. b3 Rdc8 38. N1e2 Rc6 39. Kf1 Nf6 40. Nb1 Rxc2 41.
Rxd6 Nfd5 42. Rxb6 Nxb6 43. Rd3 R2c6 44. f4 Rc1+ 0-1

[Event "2ème Open International de Haute-Bretag"]
[Site "Rennes"]
[Date "2009.07.15"]
[Round "1.27"]
[White "Palacios Aguilar, Diego Andre"]
[Black "Loizil, Joel"]
[Result "1-0"]
[WhiteElo "1894"]
[BlackElo "1814"]
[PlyCount "77"]
[EventDate "2009.08.21"]
[EventType "swiss"]
[EventRounds "9"]
[EventCountry "FRA"]

1. e4 e5 2. Nf3 Nc6 3. Bb5 a6 4. Ba4 Nf6 5. d4 exd4 6. e5 Nd5 7. O-O Be7 8.
Bxc6 bxc6 9. Nxd4 O-O 10. Nf5 d6 11. Nxe7+ Nxe7 12. Bg5 Bf5 13. Re1 Re8 14. Qe2
d5 15. c4 Qd7 16. Nc3 Ng6 17. Qd2 d4 18. Ne2 c5 19. Bf4 Nxe5 20. Nxd4 Qxd4 21.
Qxd4 cxd4 22. Bxe5 c5 23. Bd6 Rec8 24. Re5 Be6 25. b3 a5 26. Bxc5 a4 27. Rb1 d3
28. Be3 Rcb8 29. Rc5 axb3 30. axb3 Rxb3 31. Rd1 Ra4 32. Rc1 f6 33. f4 Rbb4 34.
f5 Bd7 35. Rd5 Bc6 36. Rd8+ Kf7 37. Bc5 Be8 38. Bxb4 Rxb4 39. Rxd3 1-0

[Event "2ème Open International de Haute-Bretag"]
[Site "Rennes"]
[Date "2009.07.15"]
[Round "1.26"]
[White "Siclet, Mathieu"]
[Black "Vandomel, Fabrice"]
[Result "1-0"]
[WhiteElo "1816"]
[BlackElo "1895"]
[PlyCount "103"]
[EventDate "2009.08.21"]
[EventType "swiss"]
[EventRounds "9"]
[EventCountry "FRA"]

1. e4 e6 2. d4 d5 3. e5 c5 4. c3 Nc6 5. Nf3 Qb6 6. Bd3 cxd4 7. cxd4 Nh6 8. Nc3
Bd7 9. O-O a6 10. Bb1 Na5 11. Ng5 g6 12. Kh1 Nc6 13. Nf3 Rc8 14. Na4 Qc7 15. a3
b5 16. Nc3 Na5 17. Ne1 Nc4 18. g4 Qb7 19. f4 Nxa3 20. Bd3 Nc4 21. Rb1 Bg7 22.
Ng2 Nb6 23. Ne3 b4 24. Ne2 Nc4 25. Ng3 Nxe3 26. Bxe3 Bb5 27. h3 Bxd3 28. Qxd3
Ng8 29. Ra1 Ra8 30. Ra4 Ne7 31. Rfa1 O-O 32. Rxa6 Nc6 33. Kg2 Rac8 34. f5 Rc7
35. h4 Rd7 36. h5 b3 37. Bd2 exf5 38. gxf5 Nb4 39. Bxb4 Qxb4 40. R6a4 Qb6 41.
f6 Bh6 42. hxg6 hxg6 43. Ra6 Qb4 44. e6 Rc7 45. Ra7 Rb7 46. Rxb7 Qxb7 47. e7
Bf4 48. Ne2 Bg5 49. Qf3 Qb5 50. Nc3 Qb7 51. Qxd5 Qc7 52. Qxg5 1-0

[Event "2ème Open International de Haute-Bretag"]
[Site "Rennes"]
[Date "2009.07.15"]
[Round "1.25"]
[White "Quellec, Yannick"]
[Black "Collet, Davy"]
[Result "1/2-1/2"]
[WhiteElo "1900"]
[BlackElo "1819"]
[PlyCount "88"]
[EventDate "2009.08.21"]
[EventType "swiss"]
[EventRounds "9"]
[EventCountry "FRA"]

1. e4 c5 2. d3 Nc6 3. f4 d5 4. exd5 Qxd5 5. Nc3 Qd8 6. Nf3 Bg4 7. Be2 e6 8. O-O
Nf6 9. h3 Bh5 10. Qe1 Be7 11. Kh1 O-O 12. Ne5 Nd4 13. Bd1 a6 14. Ne4 Nxe4 15.
dxe4 Bxd1 16. Qxd1 Qc7 17. c3 Nc6 18. Qh5 Nxe5 19. fxe5 g6 20. Qe2 Qxe5 21. Bh6
Rfd8 22. Qf3 f6 23. Bf4 Qh5 24. g4 Qh4 25. Kg2 e5 26. Bg3 Qh6 27. Rf2 Rd2 28.
Raf1 Rxf2+ 29. Rxf2 Qg7 30. Qd3 Rd8 31. Qc4+ Qf7 32. Qxf7+ Kxf7 33. Bxe5 Ke6
34. Bf4 c4 35. Be3 Bd6 36. Rd2 Rd7 37. b3 cxb3 38. axb3 Be5 39. Bd4 b5 40. Kf3
Rc7 41. Ke3 Rc6 42. Kd3 Rd6 43. Ke3 Rc6 44. Kd3 Rd6 1/2-1/2

[Event "2ème Open International de Haute-Bretag"]
[Site "Rennes"]
[Date "2009.07.15"]
[Round "1.23"]
[White "Rachid, Danial"]
[Black "Taube, Gregor"]
[Result "1-0"]
[WhiteElo "1910"]
[BlackElo "1835"]
[PlyCount "141"]
[EventDate "2009.08.21"]
[EventType "swiss"]
[EventRounds "9"]
[EventCountry "FRA"]

1. e4 e5 2. Nf3 Nc6 3. Bb5 a6 4. Ba4 Nf6 5. d4 Nxe4 6. O-O b5 7. Bb3 d5 8. dxe5
Be6 9. Nbd2 Bc5 10. Qe2 Bf5 11. c3 O-O 12. Nxe4 dxe4 13. Ng5 Qe7 14. e6 fxe6
15. Nxe4 Bb6 16. Bg5 Qe8 17. Ng3 Kh8 18. Rad1 Qg6 19. Nxf5 exf5 20. Bf4 Na5 21.
Bc2 Rae8 22. Qf3 Qg4 23. Qxg4 fxg4 24. g3 Re2 25. Rd2 Rxd2 26. Bxd2 Nc4 27. Bc1
Re8 28. b3 Ne5 29. Kg2 Nf3 30. Bf5 Re1 31. Rxe1 Nxe1+ 32. Kf1 Nf3 33. h4 gxh3
34. Bxh3 Ne5 35. Ke2 Kg8 36. Bd2 Kf7 37. Bc8 a5 38. Ba6 b4 39. cxb4 axb4 40.
Bxb4 Nc6 41. Bc4+ Kg6 42. Bc3 Nd4+ 43. Kd3 Nc6 44. f3 Bf2 45. g4 Bb6 46. Ke4
Ne7 47. f4 Nc8 48. Kf3 Nd6 49. f5+ Kh6 50. Bd3 g5 51. Bb4 c5 52. Bc3 Bd8 53.
Be5 Bc7 54. Bxd6 Bxd6 55. Ke4 Bb8 56. Kd5 Kg7 57. Kxc5 Kf6 58. Bc2 h5 59. gxh5
g4 60. h6 Be5 61. Be4 Kg5 62. h7 Kh6 63. a4 Kxh7 64. a5 Bf4 65. b4 Kg7 66. b5
Kf6 67. Kd5 Ke7 68. b6 Kd7 69. a6 Kc8 70. a7 Kb7 71. Kc5+ 1-0

[Event "2ème Open International de Haute-Bretag"]
[Site "Rennes"]
[Date "2009.07.15"]
[Round "1.22"]
[White "Sinnas, Albert"]
[Black "Ferrandi, Bernard"]
[Result "0-1"]
[WhiteElo "1836"]
[BlackElo "1912"]
[PlyCount "50"]
[EventDate "2009.08.21"]
[EventType "swiss"]
[EventRounds "9"]
[EventCountry "FRA"]

1. e4 e5 2. Nf3 Nc6 3. Bc4 Bc5 4. c3 Nf6 5. O-O Nxe4 6. d4 exd4 7. cxd4 Bb6 8.
d5 Ne7 9. Qe2 Nd6 10. Bd3 O-O 11. Bxh7+ Kxh7 12. Ng5+ Kg6 13. h4 Rh8 14. h5+
Rxh5 15. Ne6 dxe6 16. Qg4+ Kh7 17. Qxh5+ Kg8 18. g3 f6 19. Kg2 Qe8 20. Qh2 exd5
21. Rh1 Bf5 22. Bf4 Ng6 23. Qh7+ Kf7 24. Qh5 Qe4+ 25. Kg1 Qe1+ 0-1

[Event "2ème Open International de Haute-Bretag"]
[Site "Rennes"]
[Date "2009.07.15"]
[Round "1.21"]
[White "Pascot, Jean"]
[Black "Djendeb, Mohand"]
[Result "1-0"]
[WhiteElo "1914"]
[BlackElo "1845"]
[PlyCount "64"]
[EventDate "2009.08.21"]
[EventType "swiss"]
[EventRounds "9"]
[EventCountry "FRA"]

1. e4 e5 2. Nf3 Nc6 3. Bc4 Bc5 4. O-O Nf6 5. d3 d6 6. h3 h6 7. Be3 Bb6 8. c3
O-O 9. Nbd2 d5 10. exd5 Nxd5 11. Bxb6 axb6 12. Re1 Re8 13. b4 Nf4 14. Ne4 Be6
15. Bb5 Bf5 16. Qd2 Qc8 17. Nxe5 Nxh3+ 18. gxh3 Nxe5 19. Qf4 Ng6 20. Qg3 c6 21.
Nd6 Rxe1+ 22. Rxe1 Qd7 23. Bc4 Nh8 24. Ne4 Bxe4 25. Rxe4 Kh7 26. d4 Re8 27. Rg4
g6 28. h4 f5 29. Rf4 Re4 30. Rxe4 fxe4 31. Qf4 Qf5 32. Qc7+ Nf7 1-0

[Event "2ème Open International de Haute-Bretag"]
[Site "Rennes"]
[Date "2009.07.15"]
[Round "1.20"]
[White "Le Bail, Arielle"]
[Black "Collier, Timothy"]
[Result "0-1"]
[WhiteElo "1847"]
[BlackElo "1920"]
[PlyCount "74"]
[EventDate "2009.08.21"]
[EventType "swiss"]
[EventRounds "9"]
[EventCountry "FRA"]

1. d4 d6 2. Nf3 g6 3. c4 Bg7 4. e3 Nd7 5. Nc3 e5 6. Be2 Ngf6 7. Qc2 a5 8. O-O
O-O 9. a3 Re8 10. Ra2 c6 11. d5 Nc5 12. e4 Bd7 13. Bg5 Qc7 14. Bxf6 Bxf6 15. b4
Na6 16. Rb2 axb4 17. axb4 c5 18. Nb5 Qb8 19. bxc5 Nxc5 20. Nd2 Bd8 21. Ra2 Rxa2
22. Qxa2 Bxb5 23. cxb5 Bg5 24. f3 Be3+ 25. Kh1 Bxd2 26. Qxd2 Qa7 27. h3 Ra8 28.
Qb2 Qa2 29. Rb1 Ra3 30. Bc4 Qxb2 31. Rxb2 Rc3 32. Bf1 Rc1 33. Kg1 Ra1 34. Kf2
Kf8 35. Be2 Ke7 36. Ke3 Kd8 37. Kf2 Ra3 0-1

[Event "2ème Open International de Haute-Bretag"]
[Site "Rennes"]
[Date "2009.07.15"]
[Round "1.19"]
[White "Castel, Efflam"]
[Black "Sanvoisin, Corentin"]
[Result "0-1"]
[WhiteElo "1927"]
[BlackElo "1855"]
[PlyCount "42"]
[EventDate "2009.08.21"]
[EventType "swiss"]
[EventRounds "9"]
[EventCountry "FRA"]

1. e4 c5 2. Nc3 a6 3. Nf3 Nc6 4. d4 cxd4 5. Nxd4 d6 6. Be3 Nf6 7. Be2 e6 8. O-O
Be7 9. Qd2 Qc7 10. f4 O-O 11. f5 Ne5 12. Kh1 b5 13. Bf3 b4 14. Nd1 Nxf3 15.
gxf3 Bb7 16. fxe6 fxe6 17. Nxe6 Qc4 18. Nf2 Qxe6 19. Qxb4 Bc6 20. Qd4 Bb5 21.
Rg1 Be2 0-1

[Event "2ème Open International de Haute-Bretag"]
[Site "Rennes"]
[Date "2009.07.15"]
[Round "1.18"]
[White "Heyman, Jacques"]
[Black "Pecot, Matthias"]
[Result "0-1"]
[WhiteElo "1855"]
[BlackElo "1930"]
[PlyCount "132"]
[EventDate "2009.08.21"]
[EventType "swiss"]
[EventRounds "9"]
[EventCountry "FRA"]

1. d4 Nf6 2. Nf3 g6 3. Bg5 Ne4 4. Bf4 Bg7 5. e3 d6 6. h3 c5 7. c3 cxd4 8. exd4
O-O 9. Nbd2 Nf6 10. Be2 Qb6 11. Qb3 Qc7 12. O-O Bf5 13. Rfe1 Nbd7 14. Bh2 a6
15. a4 h6 16. Bf1 Be6 17. Bc4 Bxc4 18. Qxc4 Qd8 19. a5 Re8 20. Qb3 Rb8 21. Nh4
Nf8 22. Nhf3 b5 23. axb6 Rxb6 24. Qc2 Qc7 25. b3 Ra8 26. Qd3 Ne6 27. Rac1 Nd5
28. c4 Nb4 29. Qe4 Qb7 30. Qe3 Re8 31. Red1 Nf8 32. c5 dxc5 33. dxc5 Rc6 34.
Rc4 Re6 35. Qf4 Nd3 36. Qc7 Qxc7 37. Bxc7 Nb2 38. Rdc1 Nxc4 39. Rxc4 Rc8 40.
Ba5 Nd7 41. b4 Nb8 42. Kf1 Nc6 43. Bb6 Ne5 44. Nxe5 Bxe5 45. Rc2 Rxb6 46. Nc4
Re6 47. Na5 Rb8 48. Rc4 Bc7 49. Nb3 a5 50. Nd4 axb4 51. Nb3 Ra6 52. Rc1 Ra3 53.
Rb1 Be5 54. Ke2 Ra2+ 55. Kd3 Rb2 56. Rxb2 Bxb2 57. Kc4 Kf8 58. f4 Bc3 59. c6
Ke8 60. g4 e5 61. fxe5 Bxe5 62. Kd5 Bc7 63. h4 Ke7 64. Kc5 h5 65. gxh5 gxh5 66.
Nd4 Bb6+ 0-1

[Event "2ème Open International de Haute-Bretag"]
[Site "Rennes"]
[Date "2009.07.15"]
[Round "1.17"]
[White "Le Meur, Jean Pierre"]
[Black "Mandon, Fabrice"]
[Result "0-1"]
[WhiteElo "1942"]
[BlackElo "2251"]
[PlyCount "102"]
[EventDate "2009.08.21"]
[EventType "swiss"]
[EventRounds "9"]
[EventCountry "FRA"]

1. d4 Nf6 2. e3 d5 3. Nd2 Bf5 4. c3 e6 5. f4 c5 6. Ngf3 Nc6 7. Bb5 Qb6 8. Qa4
Bd6 9. dxc5 Bxc5 10. Nd4 O-O 11. N2b3 Nxd4 12. exd4 Bd6 13. Qa5 Qxa5 14. Nxa5
Rab8 15. O-O Rfc8 16. Be2 b6 17. Nb3 b5 18. a3 Bc2 19. Nd2 a5 20. Nf3 b4 21.
axb4 axb4 22. Ra6 bxc3 23. bxc3 Ne4 24. Ne1 Bb3 25. Nf3 Nxc3 26. Bd3 Be7 27.
Ra7 Bd8 28. Ng5 h6 29. Nxf7 Bb6 30. Re7 Bxd4+ 31. Kh1 Bc5 32. Nxh6+ gxh6 33.
Rxe6 Rb6 34. f5 Rxe6 35. fxe6 Ne4 36. Bb5 Nf2+ 37. Kg1 Nd3+ 38. Kh1 Nf2+ 39.
Kg1 Nd3+ 40. Kh1 Nxc1 41. Rxc1 Ra8 42. g4 Be7 43. Rc7 Kf8 44. Rc3 Bd1 45. h3
Ra3 46. Rxa3 Bxa3 47. Kg2 Ke7 48. Bd7 d4 49. Bc8 Bb4 50. Kf2 d3 51. Ba6 d2 0-1